Datum a čas kvízu

26 Celkem bodů Celkový počet nahraných bodů na tomto kvízu bez doplňovacích otázek.
4. Pořadí na kvízu Konečné umístění týmu na tomto kvízu.

Zaznamenané odpovědi

# Otázka Odpověď Body Výsledky
1. Ve svatovítské katedrále se v... Petr Fiala 1
2. První dámu Francie Brigitte Ma... že je žena 1
3. V noci ze středy na čtvrtek by... Jimmy Kimmel 0
4. Finská firma Bluefors uzavřela... na Měsíci 0
5. Českému hokejistovi Jakubu Lau... Michigan 0
6. Ve spolupráci s Radou Evropy j... 1D 2C 3A 4B 0
7. Co znamená maďarské slovo hétf... pondělí 0
8. Jak se jmenuje autonomní oblas... Vojvodina 1
9. Která z těchto knih nebyla nap... A 0
10. Pozoruhodným jazykem je velšti... slunéčko (beruška) 1